000 00890nam a2200229 a 4500
001 42988
003 BD-RjUL
005 20211209053628.0
008 160618s1963 bg ||||| |||| 00| 0 ben d
020 _c: PRs. 2.62
035 _a(BD-RjUL)43106
040 _aBD-RjUL
_beng
_cBD-RjUL
041 _aeng
082 _223
_a954.03
_bTHA 1963
100 _aথানেশ্বরী, মুহম্মদ জাফর
_9132012
245 1 0 _aআন্দামান বন্দীর আত্মকাহিনী /
_cমুহম্মদ জাফর থানেশ্বরী
260 _aঢাকা :
_bবাঙলা একাডেমী,
_c১৯৬৩ (১৩৬৯)
300 _a[৮], ৮৯ পৃ. ;
_c২৩ সেমি.
650 _aভারত
_xইতিহাস
_y১৯ শতক
_9132013
650 _a India
_xHistory
_y19th century
_9132014
942 _2ddc
_cBK
999 _c42988
_d42988